000 00794cam a22002537a 4500
001 14622344
005 20180216080934.0
008 061103s2007 nyua b 001 0 eng d
010 _a 2006299419
020 _a0071448128 (pbk.)
035 _a(OCoLC)ocm71329059
040 _aPZO
_cPZO
_dBAKER
_dDLC
041 _aeng
042 _alccopycat
080 _a660.6 WAL
082 0 0 _a660.6 WAL
_222
100 1 _a11
101 _aBIO
245 1 0 _aBiotechnology demystified /
_cSharon Walker.
504 _aIncludes bibliographical references and index.
906 _a7
_bcbc
_ccopycat
_d2
_encip
_f20
_gy-gencatlg
942 _2ddc
_cBK
999 _c42828
_d42828